Pengenalan kepada sistem perundangan di Malaysia

Bibliographic Details
Main Author: Noor Aziah Mohd Awal
Format: Book
Published: Petaling Jaya : International Law Book Services. , 2003
Subjects:

MARC

LEADER 00000cam a2200000 7i4500
001 0000003516
005 20060406.0
020 0 0 |a 967891316x 
090 0 0 |a 349.595   |b NOO 
100 1 0 |a Noor Aziah Mohd Awal 
245 1 0 |a Pengenalan kepada sistem perundangan di Malaysia   |c Noor Aziah Mohd Awal 
260 0 0 |a Petaling Jaya :   |b International Law Book Services. ,   |c 2003 
300 |a xiii, 246 p. ;   |c 23 cm. 
650 0 0 |a Law   |z Malaysia 
651 0 0 |a Malaysia   |x Constitutional history 
651 0 0 |a Malaysia   |x Constitutional law 
999 |a 0000006920   |b Monograph   |c Open Shelf   |e Default branch